=LDR 00000nam 2200000 4500 =001 INLIS000000000809683 =008 ###################################ind## =035 ##$$a 0010-0825000176 =245 ##$$a Budi Daya Manggis / $c Setijo =260 ##$$b ANEKA ILMU =020 ##$$a 9797366987 =084 ##$$a 636.6 IJO b =520 ##$$a Pohon buah-buahan tropis dan subtropis =082 ##$$a 636.6